000 00582nam a22001937a 4500
999 _c10858
_d10858
003 AR-CdUCM
008 190329b ||||| |||| 00| 0 spa d
040 _aMUNICIPALIDAD PROVINCIAL DEL CUSCO
_cBIBLIOTECA MUNICIPAL DEL CUSCO
082 _aES / 373.320 /
_bSI55
_23ed
100 _aSilva de Santolalla, Irene
_97747
245 _aHacia un Mundo Mejor /
260 _aLima :
_bJosé Godard Editor ;
_c1977.
300 _a224 páginas ;
_c20cm
505 _aContenido: Educación
650 _aEducación
_9460
650 _aJuvenil
_927913
942 _2ddc
_cLIBROS
945 _anom